000 01062nas a2200361 4500
001 BR0205792
003 BR-BrBNA
005 20231205103415.0
007 ta
008 230509b bl.|||p| |||| 00| 00por d
040 _aBR-BrBNA
_bpor
_cBiblioteca Nacional de Agricultura
041 _a(Pt)
072 _aF03; F62; P35
100 1 _aCarneiro, P.T.
100 1 _aFernandes, P.D.
100 1 _aGheyi, H.R.
100 1 _aSoares, F.A.L.
245 1 _aGerminação e crescimento inicial de genótipos de cajueiro anão-precoce em condições de salinidade
650 _aCAJU
650 _aESTUFA
650 _aGERMINAÇÃO
650 _aCRESCIMENTO
650 _aSALINIDADE
650 _aÁGUA DE IRRIGAÇÃO
650 _aGENÓTIPO
650 _aPLÂNTULA
650 _aFOLHA
650 _aVARIEDADE
650 _aPARAÍBA
773 0 _tRevista Brasileira de Engenharia Agrícola e Ambiental (Brazil)
_xISSN 1415-4366
_g(May-Aug 2002), v. 6(2) p. 199-206
_wBR0205792
909 _a202311
_bLúcia
_c55
_dLúcia Elande
942 _2AGRIS
_n0
_cANA
999 _c172693
_d172693